000 00750cam a2200241 a 4500
020 _a0393962067 (cloth)
020 _a9780393962062 (cloth)
020 _a0393962075 (v. 1 : pbk.)
020 _a9780393962079 (v. 1 : pbk.)
020 _a0393962083 (v. 2 : pbk.)
020 _a9780393962086 (v. 2 : pbk.)
040 _cDLC
082 _a909 NOR 1993 A102 Or.
100 1 _aLerner, Robert E.
245 1 0 _aWestern civilizations, their history and their culture /
250 _a12th ed.
260 _aNew York :
_bNorton,
_cc1993.
300 _axvii, 1092, xxviii p. :
_bill. (some col.), maps (some col.) ;
_c25 cm.
650 0 _aCivilization, Western.
700 1 _aMeacham, Standish.
700 1 _aBurns, Edward McNall,
942 _cEK
999 _c13783
_d13783